| 000 | 00000nam##2200000za#4500 |
| 001 | 9.644012 |
| 003 | CaOODSP |
| 005 | 20250403105405 |
| 007 | cr ||||||||||| |
| 008 | 150407|2014||||xxc|||||o f|0| 0 fre|d |
| 020 | |a978-0-660-22960-7 |
| 040 | |aCaOODSP|bfre |
| 043 | |an-cn--- |
| 086 | 1 |aCS62-553/2014F-PDF |
| 245 | 03|aLe document de référence de l'Indice des prix à la consommation canadien |h[ressource électronique] |
| 260 | |aOttawa - Ontario : |bStatistique Canada |cLe 19 décembre 2014. |
| 300 | |a101p.|bfigures, références, tableaux |
| 590 | |a15-10|b2015-03-06 |
| 691 | 07|aIndices des prix|2gcpds |
| 710 | 2 |aStatistique Canada. |
| 775 | 08|tThe Canadian consumer price index reference paper |w(CaOODSP)9.700098 |
| 856 | 40|ahttp://publications.gc.ca|qPDF|s1.15 Mo|uhttps://publications.gc.ca/collections/collection_2015/statcan/62-553-x2014001-fra.pdf |